Diagnóstico de Certificado de Sostenibilidad Turística y práctica profesional para el Hotel Arenal Lodge, La Fortuna de San Carlos (Registro nro. 6591)
[ vista simple ]
| 000 -LEADER | |
|---|---|
| fixed length control field | 00698nmm a22002057a 4500 |
| 005 - DATE AND TIME OF LATEST TRANSACTION | |
| control field | 20161104111243.0 |
| 008 - FIXED-LENGTH DATA ELEMENTS--GENERAL INFORMATION | |
| fixed length control field | 150727b xxu||||| |||| 00| 0 spa d |
| 041 ## - LANGUAGE CODE | |
| Language code of text/sound track or separate title | Español |
| 082 ## - DEWEY DECIMAL CLASSIFICATION NUMBER | |
| Classification number | TU 6 |
| 100 ## - MAIN ENTRY--AUTHOR NAME | |
| Personal name | Hernández Salazar, Karla |
| 100 ## - MAIN ENTRY--AUTHOR NAME | |
| Personal name | Rodríguez Loría, Alejandra |
| 245 ## - TITLE STATEMENT | |
| Title | Diagnóstico de Certificado de Sostenibilidad Turística y práctica profesional para el Hotel Arenal Lodge, La Fortuna de San Carlos |
| 260 ## - PUBLICATION, DISTRIBUTION, ETC. (IMPRINT) | |
| Year of publication | 2011 |
| 650 ## - SUBJECT ADDED ENTRY--TOPICAL TERM | |
| Topical Term | COSTA RICA |
| 650 ## - SUBJECT ADDED ENTRY--TOPICAL TERM | |
| Topical Term | TURISMO |
| 650 ## - SUBJECT ADDED ENTRY--TOPICAL TERM | |
| Topical Term | CERTIFICADO DE SOSTENIBILIDAD TURISTICA |
| 650 ## - SUBJECT ADDED ENTRY--TOPICAL TERM | |
| Topical Term | HOTEL ARENAL LODGE |
| 650 ## - SUBJECT ADDED ENTRY--TOPICAL TERM | |
| Topical Term | PLAN NACIONAL DE TURISMO 2002- 2012 |
| 942 ## - ADDED ENTRY ELEMENTS (KOHA) | |
| Tipo de ítem | Disco Compacto |
| Withdrawn status | Estado | Estado físico | Not for loan | Total Checkouts | Clasificación | Número de inscripción | Date last seen | Price effective from | Tipo de ítem |
|---|---|---|---|---|---|---|---|---|---|
| TU 6 | TU6 | 04/11/2016 | 04/11/2016 | Disco Compacto |